Statistics for fortnite

Click here to take the quiz!

General Stats

  • This quiz has been taken 22 times
  • The average score is 9 of 10

Answer Stats

questionsAnswer% Correct
is fortnite trash?no
100%
do you hate fortnite kids?no
100%
is fortnite fun?yes
100%
is the renegade raider coming back?no
90%
is the take the l coming back?no
90%
was fortnite the whole time battle royale?no
90%
is the starwand coming back?yes
90%
is the defualt emote most got in the locker?yes
90%
when was chapter 1 sezon 1?2017
81%
who won the world cup?bugha
76%

Score Distribution

Percentile by Number Answered

Percent of People with Each Score

Your Score History

You have not taken this quiz